| 000 | 00994nam a2200253 a 4500 | ||
|---|---|---|---|
| 001 | BRCA_401 | ||
| 005 | 20190320203008.0 | ||
| 008 | 940114s1994 mx-a---##b---#000-0#spa-# | ||
| 020 | _a9688591092 | ||
| 040 |
_aDLC _cDLC |
||
| 050 | 4 |
_aN6553 _b.A56 1994 |
|
| 100 | 1 |
_aAlarcón Cedillo, Roberto M. _91353 |
|
| 245 | 1 | 0 |
_aTecnología de la obra de arte en la época colonial _bpintura mural y de caballete, escultura y orfebrería _cRoberto Alarcón Cedillo, Armida Alonso Lutteroth. |
| 260 |
_aMéxico _bUniversidad Iberoamericana _c1994 (1a reimpresión) |
||
| 300 |
_a119 p. _bil. (algunas a color) _c22 cm. |
||
| 500 | _aIncluye glosario | ||
| 504 | _aBibliografía : p. 115-118 | ||
| 650 | 1 | 4 |
_aArte colonial _vTécnicas _zMéxico _91354 |
| 650 | 1 | 4 |
_aPintura colonial _vTécnicas _zMéxico _91355 |
| 650 | 1 | 4 |
_aEscultura colonial _xTécnicas _zMéxico _91356 |
| 650 | 1 | 4 |
_aOrfebrería colonial _xTécnicas _zMéxico _91357 |
| 700 | 1 |
_aAlonso L., Armida _q(Alonso Lutteroth) _91358 |
|
| 942 |
_2lcc _cB |
||
| 999 |
_c336 _d336 |
||